| 000 | 01047nam a22002417a 4500 | ||
|---|---|---|---|
| 999 |
_c65754 _d65754 |
||
| 005 | 20240530110841.0 | ||
| 008 | 200909s2018 ua f 000 0 ara d | ||
| 017 |
_a2018/22947 _bمصر. دار الكتب |
||
| 020 | _a9789779120560 | ||
| 040 |
_aEG-CaGPL _cEG-CaGPL |
||
| 082 | 0 | 4 |
_221 _a962.39 _bق/س س |
| 100 | 0 | _aسامى صالح عبدالمالك | |
| 245 | 1 | 0 |
_aسيناء حصونها وقلاعها : _bالفراغ الاستراتيجى فى عصر صلاح الدين الايوبى / _cسامى صالح عبدالمالك |
| 250 | _aط.1 | ||
| 260 |
_aالقاهرة : _bالهيئة المصرية العامة للكتاب، _c2018. |
||
| 300 |
_a1098 ص. ؛ _c24 سم. |
||
| 504 | _aيشتمل على ارجاعات ببليوجرافية | ||
| 651 | 0 | 7 |
_2qrmak _aسيناء _xوصف ورحلات |
| 651 | 0 | 7 |
_aسيناء _xتاريخ _2qrmak |
| 651 | 0 | 7 |
_aسيناء _xالحصون والقلاع _yعصر صلاح الدين الايوبى _2qrmak |
| 942 |
_2ddc _cBK |
||